Mlčanie rozhlasové eseje prelomili ticho
Salvato in:
| Autore principale: | |
|---|---|
| Natura: | Libro |
| Lingua: | slovacco |
| Pubblicazione: |
Bratislava
Sofian Publishing
2012
|
| Soggetti: | |
| Tags: |
Nessun Tag, puoi essere il primo ad aggiungerne!!
|
MARC
| LEADER | 00000nam a2200000 4500 | ||
|---|---|---|---|
| 001 | 0174572 | ||
| 005 | 20240314094423.7 | ||
| 020 | |a 978-80-971221-0-2 | ||
| 041 | 0 | |a slo | |
| 044 | |a SK | ||
| 245 | 1 | 0 | |a Mlčanie |b rozhlasové eseje prelomili ticho |c Tibor Eliot Rostas |
| 264 | 1 | |a Bratislava |b Sofian Publishing |c 2012 | |
| 300 | |a 230 s. | ||
| 610 | 2 | 0 | |a politika |
| 610 | 2 | 0 | |a situácia politická |
| 610 | 2 | 0 | |a demokracia |
| 100 | 1 | |a Rostas, Tibor Eliot | |